000 00299nam a2200109Ia 4500
999 _c12526
_d12526
082 _aRR 016.309262 DEV
100 _aRajasthan Development Association
245 0 _aDevelopment and planning literature on Rajasthan : A bibliography
260 _an.p.
_bn.p.
_c1979
300 _a91p.
942 _cBK
_2ddc